00974nam a2200193 a 450000500170000000800410001702000180005805000200007610000160009624500950011226000520020730000190025944000160027852002960029465000290059065000220061999900190064195201200066020140412111248.0020516s19uu xx 00 eng d a0-689-82440-8 aERbRu84oh 1999 aDavid, Luke aRugrats: oh, brother! /cby Luke David ; illustrated by Louie del Carmen and James Peters. aNew York :bSimon Spotlight/Nickelodeon,c1999. a[22] p. ; ill. aNickelodeon aEveryone in gaga over Tommy's new baby brother Dylan (a.k.a. ":Dil") Pickels. And poor Tommy and Chuckie can't seem to get the "growed-ups" attention anymore. So what's a baby to do? Find out in this humurous yet touching story about how Tommy begins to accept his new role as big brothers. aSibling rivalryxFiction aHumurousxFiction c103025d103025 00104050aELbELcERd2002-05-16eDonationg115.00l0oER Ru84oh 1999pE3651r2014-04-12 00:00:00w2014-04-12yBK